平均駅間距離が長い鉄道会社 - Statistics

General Stats
  • This quiz has been taken 291 times
    261 since last reset
  • The average score is 18 of 30
Answer Stats
順位 事業者名 駅/1km % Correct
1 北海道旅客鉄道 0.140
93%
8 東日本旅客鉄道 0.223
92%
5 東海旅客鉄道 0.207
91%
11 西日本旅客鉄道 0.236
91%
14 九州旅客鉄道 0.244
90%
21 四国旅客鉄道 0.307
90%
4 青い森鉄道 0.203
79%
6 あいの風とやま鉄道 0.210
74%
2 アイジーアールいわて銀河鉄道 0.196
73%
7 えちごトキめき鉄道 0.218
72%
12 肥薩おれんじ鉄道 0.239
69%
22 道南いさりび鉄道 0.308
67%
16 三陸鉄道 0.252
66%
9 しなの鉄道 0.223
64%
10 ハピラインふくい 0.226
63%
3 北越急行 0.200
62%
20 秋田内陸縦貫鉄道 0.305
58%
15 智頭急行 0.250
57%
19 野岩鉄道 0.290
51%
26 会津鉄道 0.368
51%
28 土佐くろしお鉄道 0.391
51%
13 のと鉄道 0.242
45%
24 伊豆急行 0.348
42%
18 鹿島臨海鉄道 0.283
41%
29 錦川鉄道 0.394
36%
25 井原鉄道 0.357
34%
17 WILLER TRAINS 0.278
31%
23 首都圏新都市鉄道 0.339
27%
30 泉北高速鉄道 0.400
10%
27 わたらせ渓谷鐡道 0.386
3%
No matching quizzes found
Score Distribution
Percent of People with Each Score
Percentile by Number Answered
Your Score History
You have not taken this quiz since the last reset